Administración (Registro nro. 3651)
[ vista simple ]
| 000 -CABECERA | |
|---|---|
| Longitud fija campo de control | 00749nam a2200229 b 4500 |
| 003 - IDENTIFICADOR DELl NÚMERO DE CONTROL | |
| Identificador del número de control | OSt |
| 005 - FECHA Y HORA DE LA ÚLTIMA TRANSACCIÓN | |
| Fecha y hora de la última transacción | 20191209171202.0 |
| 008 - CÓDIGOS DE INFORMACIÓN DE LONGITUD FIJA | |
| Códigos de información de longitud fija | 080801s2012 mexa 001 0 spa d |
| 020 ## - NÚMERO INTERNACIONAL NORMALIZADO PARA LIBROS | |
| Número Internacional Normalizado para Libros (ISBN) | 978-607-15-0759-4 |
| 040 ## - FUENTE DE LA CATALOGACIÓN | |
| Centro catalogador de origen | BP-CO |
| Centro transcriptor | BMC |
| 082 ## - NÚMERO DE LA CLASIFICACIÓN DECIMAL DEWEY | |
| Númeroo de clasificación | 658.04 |
| 100 1# - PUNTO DE ACCESO PRINCIPAL-NOMBRE DE PERSONA | |
| Nombre de persona | Koontz, Harold |
| 9 (RLIN) | 8390 |
| 245 10 - MENCIÓN DE TÍTULO | |
| Título | Administración |
| Resto del título | : una perspectiva global y empresarial |
| Mención de responsabilidad, etc. | Harold Koontz, Heinz Weihrich, Mark Cannice ; revisión técnica, Luis Fernando Cabrera ... [et al.] |
| 250 ## - MENCIÓN DE EDICIÓN | |
| Mención de edición | 14ª ed |
| 260 ## - PUBLICACIÓN, DISTRIBUCIÓN, ETC. (PIE DE IMPRENTA) | |
| Lugar de publicación, distribución, etc. | México, D.F. [etc.] |
| Nombre del editor, distribuidor, etc. | McGraw-Hill |
| Fecha de publicación, distribución, etc. | 2012 |
| 300 ## - DESCRIPCIÓN FÍSICA | |
| Extensión | XXVII, 651 p. |
| Dimensiones | 27 cm |
| 650 24 - PUNTO DE ACCESO ADICIONAL DE MATERIA - TÉRMINO DE MATERIA | |
| 9 (RLIN) | 3341 |
| Término de materia o nombre geográfico como elemento inicial | Gestión de empresas |
| 700 1# - PUNTO DE ACCESO ADICIONAL - NOMBRE DE PERSONA | |
| Nombre de persona | Weihrich, Heinz |
| 9 (RLIN) | 8392 |
| 700 1# - PUNTO DE ACCESO ADICIONAL - NOMBRE DE PERSONA | |
| Nombre de persona | Cabrera, Luis Fernando |
| 9 (RLIN) | 8393 |
| 700 1# - PUNTO DE ACCESO ADICIONAL - NOMBRE DE PERSONA | |
| 9 (RLIN) | 8391 |
| Nombre de persona | Cannice, Mark |
| 942 ## - ENTRADA DE ELEMENTOS AGREGADOS (KOHA) | |
| Fuente de clasificaión o esquema | Dewey Decimal Classification |
| Koha [por defecto] tipo de item | 1- Monografias |
| Suprimido | Perdido | Fuente de clasificación o esquema | Estropeado | No para préstamo | Código de colección | Localización permanente | Localización actual | Localización en estanter&íacute;as | Fecha adquisición | Fuente de adquisición | Número de inventario | Préstamos totales | Renovaciones totales | Signatura completa | Código de barras | Fecha última consulta | Fecha último préstamo | Coste, precio reemplazado | Fecha del precio de reemplazo | Tipo de item de Koha | Restricciones de uso |
|---|---|---|---|---|---|---|---|---|---|---|---|---|---|---|---|---|---|---|---|---|---|
| NULL | NULL | Dewey Decimal Classification | NULL | NULL | NULL | Biblioteca Centro Regional de Ilobasco | Biblioteca Centro Regional de Ilobasco | Sala Principal | 11/06/2015 | UNICAES | LI000436 | 7 | 658.04 KOO adm | 1031762 | 10/03/2026 | 10/03/2026 | 1- Monografias | Prestable | |||
| NULL | NULL | Dewey Decimal Classification | NULL | NULL | NULL | Biblioteca Centro Regional de Ilobasco | Biblioteca Centro Regional de Ilobasco | Sala Principal | 11/06/2015 | UNICAES | LI000437 | 11 | 2 | 658.04 KOO adm | 1031763 | 09/04/2026 | 20/03/2026 | 1- Monografias | Prestable | ||
| NULL | NULL | Dewey Decimal Classification | NULL | NULL | NULL | Biblioteca Centro Regional de Ilobasco | Biblioteca Centro Regional de Ilobasco | Sala Principal | 11/06/2015 | UNICAES | LI000438 | 6 | 658.04 KOO adm | 1031764 | 19/03/2026 | 17/02/2026 | 1- Monografias | Prestable | |||
| NULL | NULL | Dewey Decimal Classification | NULL | NULL | NULL | Biblioteca Miguel de Cervantes - UNICAES | Biblioteca Miguel de Cervantes - UNICAES | Sala Principal | 26/01/2013 | Donación - Facultad de Ciencias Empresariales | 005957 | 168 | 20 | 658.04 KOO adm | 1005957 | 13/05/2019 | 13/05/2019 | 39.00 | 31/10/2013 | 1- Monografias | |
| NULL | NULL | Dewey Decimal Classification | NULL | NULL | NULL | Biblioteca Miguel de Cervantes - UNICAES | Biblioteca Miguel de Cervantes - UNICAES | Sala Principal | 26/01/2013 | Donación - Facultad de Ciencias Empresariales | 005958 | 186 | 15 | 658.04 KOO adm | 1005958 | 09/02/2019 | 09/02/2019 | 39.00 | 31/10/2013 | 1- Monografias | |
| NULL | NULL | Dewey Decimal Classification | NULL | NULL | NULL | Biblioteca Miguel de Cervantes - UNICAES | Biblioteca Miguel de Cervantes - UNICAES | Sala Principal | 26/01/2013 | Donación - Facultad de Ciencias Empresariales | 005959 | 211 | 22 | 658.04 KOO adm | 1005959 | 19/05/2026 | 15/05/2026 | 39.00 | 31/10/2013 | 1- Monografias | Prestable |